[Event "AUT-ch"]
[Site "Vienna"]
[Date "2023.07.27"]
[Round "6"]
[White "Neumeier, Klaus"]
[Black "Baidetsky, Valentin"]
[Result "0-1"]
[WhiteElo "2217"]
[BlackElo "2492"]
[PlyCount "40"]
[EventDate "2023.07.22"]
[EventType "swiss"]
[EventRounds "9"]
[EventCountry "AUT"]
[SourceTitle "CBM 215 Extra"]
[Source "ChessBase"]
[SourceDate "2023.09.30"]
[SourceVersion "1"]
[SourceVersionDate "2023.09.30"]
[SourceQuality "1"]

1. Nf3 d5 2. g3 Nc6 3. d4 Bf5 4. c4 e6 5. cxd5 exd5 6. a3 Qd7 7. Nc3 0-0-0 8. h3 f6 9. g4 Be6 10. g5 h6 11. gxf6 Nxf6 12. Bf4 Bd6 13. Bxd6 cxd6 14. e3 Rhf8 15. Rc1 Kb8 16. b4 Rc8 17. h4 Bg4 18. Be2 Qf5 19. Nd2 Bxe2 20. Qxe2 Nxd4 0-1

[Event "AUT-ch"]
[Site "Vienna"]
[Date "2023.07.26"]
[Round "5"]
[White "Postlmayer, Jakob"]
[Black "Neumeier, Klaus"]
[Result "1/2-1/2"]
[WhiteElo "2347"]
[BlackElo "2217"]
[PlyCount "62"]
[EventDate "2023.07.22"]
[EventType "swiss"]
[EventRounds "9"]
[EventCountry "AUT"]
[SourceTitle "CBM 215 Extra"]
[Source "ChessBase"]
[SourceDate "2023.09.30"]
[SourceVersion "1"]
[SourceVersionDate "2023.09.30"]
[SourceQuality "1"]

1. d4 Nf6 2. c4 e6 3. Nf3 b6 4. g3 Bb7 5. Bg2 Be7 6. 0-0 0-0 7. d5 exd5 8. Nh4 Ne4 9. cxd5 Bxh4 10. Bxe4 Bf6 11. Qc2 h6 12. Nc3 c5 13. dxc6 dxc6 14. Rd1 Qe7 15. Bf4 Be5 16. Bxe5 Qxe5 17. Qa4 Rc8 18. Qd4 Qe7 19. Qd6 Qxd6 20. Rxd6 Na6 21. Rad1 Kf8 22. Bf3 Rc7 23. a3 Nc5 24. b4 Ne6 25. Rd7 Rac8 26. b5 Ke8 27. bxc6 Bxc6 28. Bxc6 Rxc6 29. Nb5 a6 30. Na7 R8c7 31. Nxc6 Rxd7 1/2-1/2

[Event "AUT-ch"]
[Site "Vienna"]
[Date "2023.07.25"]
[Round "4"]
[White "Mandukhai, Myagmarsuren"]
[Black "Neumeier, Klaus"]
[Result "0-1"]
[WhiteElo "1999"]
[BlackElo "2217"]
[PlyCount "72"]
[EventDate "2023.07.22"]
[EventType "swiss"]
[EventRounds "9"]
[EventCountry "AUT"]
[SourceTitle "CBM 215 Extra"]
[Source "ChessBase"]
[SourceDate "2023.09.30"]
[SourceVersion "1"]
[SourceVersionDate "2023.09.30"]
[SourceQuality "1"]

1. d4 Nf6 2. c4 e6 3. Nc3 Bb4 4. g3 Bxc3+ 5. bxc3 d6 6. Bg2 0-0 7. Nf3 Nc6 8. 0-0 e5 9. Qc2 h6 10. dxe5 dxe5 11. Ba3 Re8 12. Rfd1 Bd7 13. Bh3 e4 14. Nh4 Ne5 15. Rxd7 Nexd7 16. Rd1 c5 17. Bc1 Qc7 18. Nf5 Ne5 19. Rd6 Re6 20. Rxe6 fxe6 21. Nh4 Qd6 22. Ng2 Rd8 23. Ne3 Nxc4 24. Kg2 Nxe3+ 25. Bxe3 Qc6 26. c4 b6 27. Qb2 Kf7 28. Qc3 Rd1 29. Bf4 Qd7 30. Qe5 g5 31. Be3 Qd6 32. Qxd6 Rxd6 33. f3 exf3+ 34. Kxf3 Rd1 35. Bg2 Ra1 36. h4 Kg6 0-1

[Event "AUT-chT2O 2223"]
[Site "Austria"]
[Date "2023.04.22"]
[Round "10.6"]
[White "Heiny, Michael"]
[Black "Neumeier, Klaus"]
[Result "0-1"]
[WhiteElo "1998"]
[BlackElo "2267"]
[PlyCount "86"]
[EventDate "2022.10.15"]
[EventType "team-tourn"]
[EventRounds "11"]
[EventCountry "AUT"]
[SourceTitle "EXT 2024"]
[Source "ChessBase"]
[SourceDate "2023.10.10"]
[SourceVersion "1"]
[SourceVersionDate "2023.10.10"]
[SourceQuality "1"]
[WhiteTeam "Purbach/Donnerskirchen"]
[BlackTeam "Pressbaum"]
[WhiteTeamCountry "AUT"]
[BlackTeamCountry "AUT"]

1. d4 Nf6 2. c4 e6 3. Nc3 Bb4 4. e3 0-0 5. Nge2 Re8 6. a3 Bf8 7. Nf4 d6 8. Be2 c6 9. 0-0 Nbd7 10. b4 e5 11. Nd3 a6 12. Bb2 g6 13. c5 e4 14. Nf4 d5 15. a4 g5 16. Nh5 Nxh5 17. Bxh5 Nf6 18. Be2 Bf5 19. b5 axb5 20. axb5 Qd7 21. Qc2 h5 22. Na4 Rab8 23. Nb6 Qe6 24. Ra7 h4 25. Rfa1 Be7 26. Ra8 h3 27. g3 Bg4 28. Rxb8 Rxb8 29. Ra8 Rxa8 30. Nxa8 Bxe2 31. Qxe2 Bd8 32. Bc3 Qc8 33. Qa2 cxb5 34. Qa7 Qg4 35. Qa1 Qf3 36. Qf1 g4 37. Bd2 Nd7 38. Bb4 Nb8 39. Bd2 Nc6 40. Nb6 Bxb6 41. cxb6 b4 42. Bc1 b3 43. Bb2 Na5 0-1

[Event "AUT-ch"]
[Site "Vienna"]
[Date "2022.08.19"]
[Round "9"]
[White "Schreiner, Peter"]
[Black "Neumeier, Klaus"]
[Result "1-0"]
[WhiteElo "2405"]
[BlackElo "2257"]
[PlyCount "103"]
[EventDate "2022.08.12"]
[EventType "swiss"]
[EventRounds "9"]
[EventCountry "AUT"]
[SourceTitle "CBM 209 Extra"]
[Source "ChessBase"]
[SourceDate "2022.09.30"]
[SourceVersion "1"]
[SourceVersionDate "2022.09.30"]
[SourceQuality "1"]

1. Nf3 d5 2. g3 Nf6 3. Bg2 e6 4. 0-0 Be7 5. d4 0-0 6. c4 dxc4 7. Qc2 b5 8. a4 Bb7 9. axb5 a6 10. Nc3 axb5 11. Rxa8 Bxa8 12. Nxb5 c6 13. Na3 c5 14. dxc5 Bxc5 15. Nxc4 Be4 16. Qa4 Bc6 17. Qb3 Na6 18. Nce5 Bd5 19. Qa4 Qa8 20. Nd3 Be7 21. Bg5 Qb7 22. Bxf6 Bxf6 23. Nfe1 Ra8 24. Bxd5 Qxd5 25. Qc2 Rb8 26. Nf3 g6 27. Qa4 Qb5 28. Qf4 Kg7 29. Rc1 Rb7 30. h4 h5 31. b4 Qd5 32. Rc4 Rb5 33. Qc1 Qb7 34. Ng5 Qd5 35. Rf4 Bxg5 36. hxg5 Qxg5 37. Qa1+ e5 38. Re4 Qf6 39. Qc3 Qd6 40. Nxe5 Qf6 41. f4 Rb7 42. Rc4 Nb8 43. Kg2 Kh7 44. Rc7 Rxc7 45. Qxc7 Na6 46. Qb7 Kg7 47. b5 Nc5 48. Qa7 Ne6 49. b6 h4 50. Qxf7+ Qxf7 51. Nxf7 Nc5 52. Nd8 1-0

[Event "AUT-ch"]
[Site "Vienna"]
[Date "2022.08.13"]
[Round "2"]
[White "Neumeier, Klaus"]
[Black "Morgunov, Marc"]
[Result "1-0"]
[WhiteElo "2257"]
[BlackElo "2412"]
[PlyCount "101"]
[EventDate "2022.08.12"]
[EventType "swiss"]
[EventRounds "9"]
[EventCountry "AUT"]
[SourceTitle "CBM 209 Extra"]
[Source "ChessBase"]
[SourceDate "2022.09.30"]
[SourceVersion "1"]
[SourceVersionDate "2022.09.30"]
[SourceQuality "1"]

1. Nf3 Nf6 2. g3 g6 3. Bg2 Bg7 4. 0-0 0-0 5. c4 d6 6. d4 Nc6 7. Nc3 e5 8. dxe5 dxe5 9. Bg5 Be6 10. Qc1 Qc8 11. Rd1 Rd8 12. Rxd8+ Qxd8 13. Ne4 Bf5 14. Nfd2 h6 15. Nxf6+ Bxf6 16. Bxf6 Qxf6 17. Ne4 Bxe4 18. Bxe4 h5 19. h4 Nd4 20. Qd1 c6 21. e3 Ne6 22. b4 Rd8 23. Qe2 Qe7 24. c5 f5 25. Bc2 Nc7 26. Rd1 Kg7 27. Rxd8 Qxd8 28. Bb3 Kh6 29. Qb2 Qe7 30. Qd2 Ne6 31. Bxe6 Qxe6 32. Qd8 Kg7 33. Qc7+ Kh6 34. Qxb7 Qxa2 35. Qxc6 Qb1+ 36. Kg2 Qxb4 37. Qd5 Qc3 38. c6 Qc2 39. e4 f4 40. Qxe5 Kh7 41. Qc7+ Kg8 42. Qb8+ Kf7 43. Qxa7+ Kg8 44. Qb8+ Kg7 45. Qe5+ Kh7 46. Qe7+ Kh6 47. Qf8+ Kh7 48. Qf7+ Kh8 49. Qe8+ Kg7 50. gxf4 Qe2 51. Qe6 1-0

[Event "AUT-chT2O 2122"]
[Site "Austria"]
[Date "2022.02.13"]
[Round "5.1"]
[White "Baumegger, Siegfried"]
[Black "Neumeier, Klaus"]
[Result "1-0"]
[WhiteElo "2453"]
[BlackElo "2310"]
[PlyCount "81"]
[EventDate "2021.10.16"]
[EventType "team-tourn"]
[EventRounds "11"]
[EventCountry "AUT"]
[SourceTitle "EXT 2023"]
[Source "ChessBase"]
[SourceDate "2022.10.05"]
[SourceVersion "1"]
[SourceVersionDate "2022.10.05"]
[SourceQuality "1"]
[WhiteTeam "Tschaturanga"]
[BlackTeam "Pressbaum"]
[WhiteTeamCountry "AUT"]
[BlackTeamCountry "AUT"]

1. c4 c5 2. Nf3 Nc6 3. Nc3 g6 4. e3 Nf6 5. d4 cxd4 6. exd4 d5 7. cxd5 Nxd5 8. Qb3 Nxc3 9. Bc4 Nd5 10. Bxd5 e6 11. Bxc6+ bxc6 12. 0-0 f6 13. Bd2 Qd5 14. Qe3 Kf7 15. Bc3 Bb7 16. Rfe1 Bd6 17. Rad1 Rad8 18. h3 h5 19. Ne5+ Kg7 20. Qg3 g5 21. h4 g4 22. Kh1 Bb8 23. Qe3 Rh6 24. Rg1 Qd6 25. f4 fxe5 26. dxe5 Qe7 27. g3 c5+ 28. Kh2 Rhh8 29. Rd6 Rhf8 30. Rgd1 Kg8 31. Qxc5 Rc8 32. Qd4 Bd5 33. Rxd5 exd5 34. Qxd5+ Rf7 35. e6 Rh7 36. Qf5 Rxc3 37. bxc3 Bd6 38. Qd5 Bc7 39. Qc6 Bxf4 40. Qc8+ Kg7 41. Rd7 1-0

[Event "AUT-chT2O 2122"]
[Site "Austria"]
[Date "2022.01.15"]
[Round "3.5"]
[White "Schwab, Lukas"]
[Black "Neumeier, Klaus"]
[Result "1-0"]
[WhiteElo "2168"]
[BlackElo "2310"]
[PlyCount "91"]
[EventDate "2021.10.16"]
[EventType "team-tourn"]
[EventRounds "11"]
[EventCountry "AUT"]
[SourceTitle "EXT 2023"]
[Source "ChessBase"]
[SourceDate "2022.10.05"]
[SourceVersion "1"]
[SourceVersionDate "2022.10.05"]
[SourceQuality "1"]
[WhiteTeam "Donaustadt"]
[BlackTeam "Pressbaum"]
[WhiteTeamCountry "AUT"]
[BlackTeamCountry "AUT"]

1. e4 c5 2. Nf3 Nc6 3. d4 cxd4 4. Nxd4 e6 5. Nc3 Nf6 6. Be2 Bb4 7. Nxc6 bxc6 8. e5 Nd5 9. Bd2 Nxc3 10. bxc3 Bc5 11. Bf4 0-0 12. 0-0 f6 13. Bd3 Qe7 14. Qh5 g6 15. Qe2 fxe5 16. Bxe5 d6 17. Bd4 Bb6 18. f4 c5 19. Be3 Bd7 20. c4 Ba5 21. Rab1 Rab8 22. Rb3 Ba4 23. Ra3 Qd7 24. c3 Bd8 25. Be4 Bf6 26. Qg4 Bg7 27. h4 Rf6 28. h5 gxh5 29. Qxh5 Rh6 30. Qg4 Rf6 31. f5 exf5 32. Bxf5 Qe8 33. Bg5 Rxf5 34. Qxf5 Bd7 35. Qd5+ Be6 36. Qe4 Qd7 37. Bf6 d5 38. Qe5 Re8 39. Bxg7 Qxg7 40. Qxg7+ Kxg7 41. Rxa7+ Kg6 42. Ra6 dxc4 43. Re1 Kf7 44. Rexe6 Rxe6 45. Rxe6 Kxe6 46. Kf2 1-0

[Event "AUT-chT2O 2021"]
[Site "Austria"]
[Date "2020.10.18"]
[Round "2.1"]
[White "Stanec, Nikolaus"]
[Black "Neumeier, Klaus"]
[Result "1/2-1/2"]
[WhiteElo "2479"]
[BlackElo "2324"]
[PlyCount "132"]
[EventDate "2020.10.17"]
[EventType "team-tourn"]
[EventRounds "11"]
[EventCountry "AUT"]
[SourceTitle "CBM 199 Extra"]
[Source "ChessBase"]
[SourceDate "2021.01.31"]
[SourceVersion "1"]
[SourceVersionDate "2021.01.31"]
[SourceQuality "1"]
[WhiteTeam "Donaustadt"]
[BlackTeam "Pressbaum"]
[WhiteTeamCountry "AUT"]
[BlackTeamCountry "AUT"]

1. d4 Nf6 2. Bg5 d5 3. Bxf6 gxf6 4. e3 c5 5. dxc5 e6 6. Nd2 Bxc5 7. Ne2 Nc6 8. c3 e5 9. a3 Be6 10. Ng3 f5 11. b4 Bb6 12. Bb5 Qf6 13. Nf3 h5 14. Ne2 h4 15. c4 Rd8 16. c5 Bc7 17. Qa4 Bd7 18. Qc2 a6 19. Ba4 Kf8 20. Rd1 Be6 21. Bb3 Qg7 22. Kf1 h3 23. g3 Qg4 24. Ne1 Kg7 25. f3 Qg5 26. Kf2 d4 27. exd4 exd4 28. f4 Qf6 29. Nf3 Rd7 30. Rhe1 Rhd8 31. Bxe6 fxe6 32. Nc1 e5 33. fxe5 Nxe5 34. Nxe5 Bxe5 35. Nd3 Qc6 36. Kg1 Bc7 37. Qf2 f4 38. Ne5 Bxe5 39. Rxe5 Rf7 40. gxf4 Kf8 41. Rd3 Rd5 42. Rxd5 Qxd5 43. Qf3 Rg7+ 44. Kh1 Qc4 45. Rd1 Qe6 46. f5 Qe3 47. Qxe3 dxe3 48. Rd8+ Ke7 49. Rd6 Kf8 50. Rd8+ Ke7 51. Rd3 e2 52. Re3+ Kf6 53. Rxe2 Rd7 54. Kg1 Kxf5 55. Kf2 Kf4 56. Rc2 Rd4 57. Ke2 Re4+ 58. Kd2 Kf3 59. Kc3 Re3+ 60. Kb2 Ke4 61. a4 Kd5 62. b5 axb5 63. axb5 Rf3 64. c6 bxc6 65. bxc6 Rf8 66. c7 Rc8 1/2-1/2

[Event "AUT-chT2O 1920"]
[Site "Austria"]
[Date "2020.03.01"]
[Round "9.4"]
[White "Poecksteiner, Johann"]
[Black "Neumeier, Klaus"]
[Result "0-1"]
[WhiteElo "2154"]
[BlackElo "2273"]
[PlyCount "48"]
[EventDate "2019.10.19"]
[EventType "team-tourn"]
[EventRounds "11"]
[EventCountry "AUT"]
[SourceTitle "CBM 195 Extra"]
[Source "ChessBase"]
[SourceDate "2020.05.31"]
[SourceVersion "1"]
[SourceVersionDate "2020.05.31"]
[SourceQuality "1"]
[WhiteTeam "Wien Austria"]
[BlackTeam "Pressbaum"]
[WhiteTeamCountry "AUT"]
[BlackTeamCountry "AUT"]

1. d4 d5 2. c4 e6 3. Nc3 Bb4 4. Nf3 Nf6 5. Qa4+ Nc6 6. Ne5 Bd7 7. Nxc6 Bxc3+ 8. bxc3 Bxc6 9. Qb4 a5 10. Qa3 dxc4 11. f3 b5 12. e4 Nxe4 13. fxe4 Qh4+ 14. Kd1 Qxe4 15. Qc5 Rd8 16. Be2 Rd6 17. Bd2 Qxg2 18. Rf1 0-0 19. Bf4 Rd5 20. Qe7 b4 21. Be3 bxc3 22. Rg1 Qxh2 23. Ke1 Re8 24. Qa3 e5 0-1

[Event "AUT-chT2O 1920"]
[Site "Austria"]
[Date "2019.11.17"]
[Round "4.3"]
[White "Neumeier, Klaus"]
[Black "Weinzettl, Ernst"]
[Result "0-1"]
[WhiteElo "2273"]
[BlackElo "2175"]
[PlyCount "72"]
[EventDate "2019.10.19"]
[EventType "team-tourn"]
[EventRounds "11"]
[EventCountry "AUT"]
[SourceTitle "CBM 193 Extra"]
[Source "ChessBase"]
[SourceDate "2020.01.31"]
[SourceVersion "1"]
[SourceVersionDate "2020.01.31"]
[SourceQuality "1"]
[WhiteTeam "Pressbaum"]
[BlackTeam "Poechlarn"]
[WhiteTeamCountry "AUT"]
[BlackTeamCountry "AUT"]

1. c4 e6 2. g3 d5 3. Bg2 c5 4. Nf3 Nc6 5. 0-0 d4 6. e3 Nf6 7. exd4 cxd4 8. d3 Be7 9. Re1 0-0 10. Na3 Ne8 11. Nc2 a5 12. a3 f6 13. Bd2 a4 14. Nb4 Nc7 15. Nh4 Na5 16. Qxa4 Nxc4 17. Qc2 Nxd2 18. Qxd2 g5 19. Nf3 g4 20. Nh4 f5 21. Qf4 Ra5 22. Rac1 e5 23. Qh6 Ne6 24. Bd5 Rxd5 25. Rxc8 Qxc8 26. Nxd5 Bg5 27. Qxg5+ Nxg5 28. Ne7+ Kf7 29. Nxc8 Rxc8 30. Rxe5 Rc1+ 31. Kg2 Nh3 32. Nf3 Kf6 33. Re8 Rc2 34. Rf8+ Kg7 35. Rxf5 Rxf2+ 36. Kh1 gxf3 0-1

[Event "AUT-chT 1819"]
[Site "Austria"]
[Date "2019.04.01"]
[Round "11.5"]
[White "Sebenik, Matej"]
[Black "Neumeier, Klaus"]
[Result "1/2-1/2"]
[WhiteElo "2538"]
[BlackElo "2299"]
[PlyCount "85"]
[EventDate "2018.11.15"]
[EventType "team-tourn"]
[EventRounds "11"]
[EventCountry "AUT"]
[SourceTitle "CBM 189 Extra"]
[Source "ChessBase"]
[SourceDate "2019.06.03"]
[SourceVersion "1"]
[SourceVersionDate "2019.06.03"]
[SourceQuality "1"]
[WhiteTeam "Raika Feffernitz"]
[BlackTeam "Pressbaum/Eichgraben"]
[WhiteTeamCountry "AUT"]
[BlackTeamCountry "AUT"]

1. c4 c5 2. Nf3 Nf6 3. Nc3 Nc6 4. e3 g6 5. d4 cxd4 6. exd4 d5 7. cxd5 Nxd5 8. Qb3 Nxc3 9. Bc4 Nd5 10. Bxd5 e6 11. Bxc6+ bxc6 12. 0-0 f6 13. Be3 Qd5 14. Rfc1 Bd6 15. Nd2 Kd7 16. Qc2 Bb7 17. Ne4 Ke7 18. Nxd6 Kxd6 19. Qa4 Ke7 20. Rc5 Qd7 21. Rac1 Kf7 22. Ra5 a6 23. Qb4 Qe7 24. Qb6 Rhd8 25. h4 h5 26. Rc3 Rd7 27. Rac5 Qd8 28. Qb3 Qe7 29. Qc2 Rh8 30. Rb3 Rd5 31. Rb6 Rhd8 32. Rxd5 Rxd5 33. a4 Kg7 34. Qb3 Rd7 35. f3 Qf7 36. Qb4 Qe7 37. Qxe7+ Rxe7 38. Kf2 Kf7 39. g4 e5 40. g5 exd4 41. Bxd4 fxg5 42. hxg5 Ke6 43. Rb4 1/2-1/2

[Event "AUT-ch"]
[Site "Vienna"]
[Date "2018.07.25"]
[Round "5"]
[White "Newrkla, Katharina"]
[Black "Neumeier, Klaus"]
[Result "1-0"]
[WhiteElo "2175"]
[BlackElo "2284"]
[PlyCount "65"]
[EventDate "2018.07.22"]
[EventType "swiss"]
[EventRounds "9"]
[EventCountry "AUT"]
[SourceTitle "CBM 185 Extra"]
[Source "ChessBase"]
[SourceDate "2018.07.29"]
[SourceVersion "1"]
[SourceVersionDate "2018.07.29"]
[SourceQuality "1"]

1. e4 c5 2. Nc3 Nc6 3. g3 g6 4. Bg2 Bg7 5. d3 d6 6. Nge2 e5 7. Nd5 Nce7 8. Nec3 Rb8 9. a3 Be6 10. 0-0 Qd7 11. Be3 b5 12. b4 Rc8 13. bxc5 dxc5 14. Rb1 Bxd5 15. Nxd5 Nxd5 16. exd5 c4 17. dxc4 Rxc4 18. Re1 a6 19. Bf1 Rc7 20. a4 Rb7 21. axb5 axb5 22. Ra1 Ne7 23. Ra8+ Nc8 24. Bc5 f5 25. Bg2 Rc7 26. Bb4 Rc4 27. c3 Rxb4 28. cxb4 0-0 29. Qc2 Nd6 30. Rxf8+ Kxf8 31. Ra1 e4 32. Ra8+ Ke7 33. Qc5 1-0

[Event "AUT-chT2O 1718"]
[Site "Austria"]
[Date "2018.01.13"]
[Round "6.6"]
[White "Neumeier, Klaus"]
[Black "Sadilek, Maximilian"]
[Result "1/2-1/2"]
[WhiteElo "2288"]
[BlackElo "2251"]
[PlyCount "68"]
[EventDate "2017.10.21"]
[EventType "team-tourn"]
[EventRounds "11"]
[EventCountry "AUT"]
[SourceTitle "EXT 2019"]
[Source "ChessBase"]
[SourceDate "2018.10.10"]
[SourceVersion "1"]
[SourceVersionDate "2018.10.10"]
[SourceQuality "1"]
[WhiteTeam "Pressbaum"]
[BlackTeam "Tschaturanga"]
[WhiteTeamCountry "AUT"]
[BlackTeamCountry "AUT"]

1. Nf3 g6 2. g3 Bg7 3. d4 f5 4. Bg2 Nf6 5. 0-0 0-0 6. b3 e6 7. Bb2 d6 8. Nbd2 Nc6 9. Nc4 Qe7 10. a4 Bd7 11. a5 a6 12. Ne1 Rae8 13. Nd3 Nd8 14. Nce5 Bc8 15. c4 Ne4 16. Nf3 Nf7 17. Nd2 Nxd2 18. Qxd2 e5 19. dxe5 Nxe5 20. Nf4 c6 21. Rad1 Rd8 22. Bd4 Rde8 23. Bb6 Nf7 24. h4 Be5 25. e3 Kg7 26. Rfe1 h6 27. h5 gxh5 28. Nxh5+ Kg6 29. Nf4+ Kh7 30. Nd3 Qf6 31. Qc2 Qg7 32. Nf4 Ng5 33. Nh5 Qg6 34. Nf4 Qg7 1/2-1/2

[Event "AUT-chT2O 1718"]
[Site "Austria"]
[Date "2017.11.18"]
[Round "3.3"]
[White "Neumeier, Klaus"]
[Black "Sardy, Peter"]
[Result "1-0"]
[WhiteElo "2288"]
[BlackElo "2321"]
[PlyCount "77"]
[EventDate "2017.10.21"]
[EventType "team-tourn"]
[EventRounds "11"]
[EventCountry "AUT"]
[SourceTitle "CBM 181 Extra"]
[Source "ChessBase"]
[SourceDate "2017.12.12"]
[SourceVersion "1"]
[SourceVersionDate "2017.12.12"]
[SourceQuality "1"]
[WhiteTeam "Pressbaum"]
[BlackTeam "Austria"]
[WhiteTeamCountry "AUT"]
[BlackTeamCountry "AUT"]

1. Nf3 d6 2. d4 g6 3. g3 Nf6 4. Bg2 Bg7 5. 0-0 0-0 6. c4 Bf5 7. Nc3 Ne4 8. Nd5 c6 9. Ne3 Bc8 10. Qc2 f5 11. b3 a5 12. a3 Na6 13. Bb2 Bh6 14. Bc1 Bg7 15. Bb2 Bh6 16. Bc1 Qe8 17. Ne1 e5 18. dxe5 Qxe5 19. Ng4 fxg4 20. Bxh6 Qxa1 21. Bxe4 Bf5 22. Bxf8 Rxf8 23. Bxf5 Rxf5 24. Ng2 Qxa3 25. Ne3 Rg5 26. Qe4 Re5 27. Qxg4 Qxb3 28. Qc8+ Kf7 29. Qd7+ Re7 30. Qxd6 a4 31. Ng4 a3 32. Nh6+ Ke8 33. Rd1 Qb6 34. Qf6 Qb2 35. Qd6 Qb6 36. c5 Qc7 37. Qd4 Re6 38. Qh8+ Ke7 39. Qg7+ 1-0

[Event "Vienna op-A"]
[Site "Vienna"]
[Date "2016.08.20"]
[Round "5"]
[White "Jethan, Martin"]
[Black "Neumeier, Klaus"]
[Result "1/2-1/2"]
[WhiteElo "2082"]
[BlackElo "2300"]
[PlyCount "141"]
[EventDate "2016.08.16"]
[EventType "swiss"]
[EventRounds "9"]
[EventCountry "AUT"]
[SourceTitle "CBM 173 Extra"]
[Source "ChessBase"]
[SourceDate "2016.08.29"]
[SourceVersion "1"]
[SourceVersionDate "2016.08.29"]
[SourceQuality "1"]

1. d4 Nf6 2. Bg5 c5 3. Bxf6 gxf6 4. d5 Qb6 5. Qc1 f5 6. c4 Bg7 7. Nc3 d6 8. e3 Nd7 9. Qc2 Qa5 10. Bd3 b5 11. cxb5 Nb6 12. Qd2 Bb7 13. Bxf5 Nc4 14. Qc2 Nxb2 15. Nge2 Na4 16. Rc1 Nxc3 17. Nxc3 Bxd5 18. 0-0 Bb7 19. Be4 Bxe4 20. Qxe4 0-0 21. Qc4 a6 22. a4 axb5 23. axb5 Rfb8 24. Nd5 Qd8 25. Rb1 Ra3 26. Qh4 Ra7 27. Rfc1 Rab7 28. g3 e6 29. Qxd8+ Rxd8 30. Nc3 Rdb8 31. Rb3 c4 32. Ra3 d5 33. Rb1 Kf8 34. Kf1 Ke7 35. Ke2 Bxc3 36. Rxc3 Rxb5 37. Rxb5 Rxb5 38. Rc2 Kd6 39. Ra2 Rb7 40. Kd2 Kc5 41. Kc2 Kb6 42. Rb2+ Kc6 43. Ra2 Kc5 44. g4 d4 45. exd4+ Kxd4 46. Ra8 Ke4 47. Rh8 Kf4 48. h3 f5 49. gxf5 Kxf5 50. Rc8 Ra7 51. Rxc4 Ra2+ 52. Kd3 Rxf2 53. Ke3 Rh2 54. Rh4 Kg6 55. Kf3 h5 56. Kg3 Re2 57. Ra4 Kg5 58. h4+ Kf5 59. Rf4+ Kg6 60. Rf8 Re3+ 61. Kg2 Re4 62. Kg3 Rg4+ 63. Kh3 e5 64. Rg8+ Kf5 65. Rh8 e4 66. Rxh5+ Kf4 67. Rg5 Rxg5 68. hxg5 e3 69. Kg2 e2 70. Kf2 Kxg5 71. Kxe2 1/2-1/2